| 000 | 01753cam a22002895a 4500 | ||
|---|---|---|---|
| 001 | L138290 | ||
| 008 | 070525s2007 xxk f 001 0 eng d | ||
| 020 |
_a1847030696 _a9781847030696 |
||
| 035 | _a(Sirsi) u138290 | ||
| 041 | 0 | _aeng | |
| 050 | 0 | 4 | _a306.026 $2 18 |
| 100 | 1 | _aArden, Andrew | |
| 245 | 0 | 0 | _aManual of housing law |
| 250 | _a8th ed. | ||
| 260 |
_aLondon _bSweet and Maxwell _c2007 |
||
| 300 |
_alxxv, 531p. _c22cm. |
||
| 350 | _a49 | ||
| 505 | 2 | _aThe classes of occupation -- Owner-occupation -- Housing Act secure tenancies -- Housing Act assured tenancies -- Rent Act protected tenancies -- Limited security -- Occupation without security -- Harassment, illegal eviction and other antisocial behaviour -- Break-up of a relationship -- Homelessness and allocations -- Disrepair -- Housing Acts: disrepair and improvement -- Disrepair under environmental law -- Overcrowding, HMOs and other Local Authority powers | |
| 520 | _aIdentifies the principal housing rights of tenants and other occupiers. Outlines and examines the law affecting residential property occupation. Covers security of tenure, security, harassment and eviction issues, household break-ups, homelessness and allocations, disrepair and overcrowding of houses of multiple occupation. Covers recent legislative changes including the Housing Act 2004 and the Anti-Social Behaviour Act 2003. Aimed at practitioners needing to keep up to date with legislative changes and case law developments. | ||
| 590 | _aKA | ||
| 650 | 2 | 4 | _aHOUSING ACT 2004 |
| 650 | 2 | 4 | _aANTI-SOCIAL BEHAVIOUR ACT 2003 |
| 651 | 4 |
_aEngland and Wales _y1543- |
|
| 690 | _aPROPERTY-RESIDENTIAL PROPERTY-DOMESTIC RESIDENTIAL PROPERTY-HOUSING | ||
| 700 | 1 | _aDymond, Andrew | |
| 942 | _n0 | ||
| 999 |
_c107105 _d107105 |
||